Jak to powiedzieć po angielsku 2? - Statystyki

Ogólne statystyki
  • Ten quiz został rozwiązany 340 razy
  • Średni wynik to 8 z 21
Statystyki odpowiedzi
Słowo Odpowiednik po Angielsku % Poprawnych
Bóg God
92%
Atak serca Heart attack
75%
Miska Bowl
62%
Kwaśny (smak) Sour
60%
Gardło Throat
60%
Malina Raspberry
56%
Lider Leader
55%
Mięśnie Muscles
54%
Kciuk Thumb
52%
Podbródek Chin
37%
Szmaragd Emerald
36%
Utonięcie Drowning
33%
Słomka Straw
32%
Krzemień Flint
24%
Półwysep Peninsula
18%
Szczypiorek Chive
9%
Sekcja zwłok Autopsy
8%
Rozbitek Castaway
7%
Oskarżyciel Prosecutor
7%
Zdumienie Amazement
5%
Framuga Jamb
3%
Nie znaleziono quizów pasujących do podanych kryteriów
Rozkład punktacji
Procent ludzi z każdym wynikiem
Percentyl według liczby udzielonych odpowiedzi
Twoja historia wyników
Nie rozwiązałeś tego quizu